Galileo / (Registro nro. 14264)

Detalles MARC
000 -LIDER
fixed length control field 01128njm a2200421 c 4500
001 - NÚMERO DE CONTROL
Identificador de número de control
003 - IDENTIFICACDOR DE NÚMERO DE CONTROL
control field DO-SdBNP
005 - DATE AND TIME OF LATEST TRANSACTION
control field 20220916122322.0
008 - ELEMENTOS DE LONGITUD FIJA
fixed length control field 160127s 2005 sp d spa
015 ## - NÚMERO DENTRO DE LA BIBLIOGRAFÍA NACIONAL
National bibliography number
017 ## - NÚMERO DE REGISTRO DE DERECHOS DE AUTOR
Copyright or legal deposit number
Assigning agency
020 ## - ISBN
International Standard Book Number 8484038556
028 00 - NÚMERO DE EDITOR MUSICAL
Publisher number
Source
035 ## - NÚMERO LOCAL
System control number
040 ## - FUENTE DE CATALOGACIÓN
Agencia que crea de manera original el registro BPMSU
Idioma de catalogación spa
Agencia que realiza la transcripción BPMSU
Convenciones de la despripción
082 ## - NÚMERO DE CLASIFICACIÓN DECIMAL DE DEWEY
Classification number 925.2
Item number G158C
Edition number 22
084 ## - OTRO NÚMERO DE CLASIFICACIÓN
Classification number
Number source
100 1# - ASIENTO PRINCIPAL -- NOMBRE PERSONAL
Nombre personal Cuadrado, Sara.
Fechas asociadas con el nombre
Término de relación
240 10 - TITULO UNIFORME
Título uniforme
Número de la parte o sección de una obra
Clave musical
245 10 - MENCIÓN DE TITULO
Título Galileo /
Mención de responsabilidad Sara Cuadrado.
260 ## - PUBLICACIÓN, DISTRIBUCIÓN, ETC. (PIE DE IMPRENTA)
Lugar de publicación, distribución, etc Madrid :
Nombre del editor, distribuidor, etc. Edimat Libros,
Fecha de publicación, distribución, etc 2005
300 ## - DESCRIPCIÓN FÍSICA
Extensión 192 p. ;
Dimensiones 23 cm.
Material complementario
Otros detalles físicos
490 0# - MENCIÓN DE SERIES
Mención de serie Grandes biografías
500 ## - NOTA GENERAL
Nota general
504 ## - NOTA DE BIBLIOGRAFÍA, ETC.
Bibliography, etc Bibliografía. p.: 187-188
505 0# - NOTA DE CONTENIDO
Texto normalizado de contenido
590 ## - NOTA LOCAL
Enlace Inventariado, 2022/VM
600 14 - ENCABEZAMIENTO DE MATERIA--NOMBRE PERSONAL
Nombre personal Galilei, Galileo,
Fechas asociadas con el nombre 1564-1642.
Subdivisión de forma Biografías
650 #4 - ENCABEZAMIENTO DE MATERIA--TEMÁTICO
Término temático o nombre geográfico como elemento de entrada Astrónomos
Subdivisión de forma Biografías.
650 #4 - ENCABEZAMIENTO DE MATERIA--TEMÁTICO
Término temático o nombre geográfico como elemento de entrada Matemáticos
Subdivisión de forma Biografías.
650 #4 - ENCABEZAMIENTO DE MATERIA--TEMÁTICO
Término temático o nombre geográfico como elemento de entrada Inventores
Subdivisión de forma Biografías.
650 #4 - ENCABEZAMIENTO DE MATERIA--TEMÁTICO
Término temático o nombre geográfico como elemento de entrada Astronomía
Subdivisión de forma Teorías.
700 12 - ASIENTO SECUNDARIO -- NOMBRE PERSONAL
Nombre personal Beethoven, Ludwig van
Fechas asociadas con el nombre 1770-1827
Título de una obra
Medio de ejecución para música
Número de la parte o sección de una obra
Clave musical
910 ## - VALIDACIÓN
Validación VMateo V.
942 ## - ADDED ENTRY ELEMENTS (KOHA)
Source of classification or shelving scheme Dewey Decimal Classification
Koha item type Libros
945 ## - INFORMACIÓN DE PROCESAMIENTO LOCAL
Información de procesamiento local Inventariado, 2018/LP
956 ## - LOCAL ELECTRONIC LOCATION AND ACCESS (OCLC)
Nombre de host VMATEO
Número de acceso 10
Información de compresión 20160614
Trayectoria BPMSU
Nombre Electrónico 0069
Existencias
Withdrawn status Lost status Source of classification or shelving scheme Damaged status Use restrictions Not for loan Collection code Home library Current library Date acquired Total Checkouts Full call number Barcode Date last seen Price effective from Koha item type
    Dewey Decimal Classification   Restricted Access   Colección General Biblioteca Pública Metropolitana Salomé Ureña Biblioteca Pública Metropolitana Salomé Ureña 09/16/2022   BPMSU CG 925.2 G158C 2005 BPMSU22090025 09/16/2022 09/16/2022 Libros